| 000 | 00953nam a2200205 i 4500 | ||
|---|---|---|---|
| 001 | 160006 | ||
| 003 | ES-MaACL | ||
| 005 | 20250716063317.0 | ||
| 008 | 990423s1895 sp |||| | spa d | ||
| 100 | 1 |
_aMontaldo y Peró, Federico, _d1859-1912 _982342 |
|
| 245 | 1 | 3 |
_aEl octavo Congreso Internacional de Higiene y de Demografía (Budapest, 1894) _b: notas y observaciones / _crecogidas por Federico Montaldo y Peró. |
| 260 |
_aMadrid : _b[s.n.], _c1895 ( _fImp. de Ricardo Rojas) |
||
| 300 |
_a80 p. ; _c23 cm. |
||
| 510 | 4 |
_aPalau, _ct. X, 177242 |
|
| 611 | 2 | 4 |
_aCongreso Internacional de Higiene y Demografía ( _n8º. _d1894. _cBudapest) _9162761 |
| 650 | 4 |
_aHigiene- _vCongresos y asambleas. _9161772 |
|
| 650 | 4 |
_aDemografía- _vCongresos y asambleas. _9161771 |
|
| 852 |
_aES-MaACL _jT-854-F-7 _z- Enc. hol., conservando cub. original _z- Dedicatoria autógrafa del autor _z- Enc. en un vol. facticio |
||
| 999 |
_c160006 _d160006 |
||